000 00427nam a2200169 a 4500
001 5351
003 CO-ViMGA
008 141112s2004 ck r 000 u spa d
040 _aCO-ViMGA
_bspa
_cCO-ViMGA
082 0 4 _a833.6 G637
100 1 _aGoethe, Johann Wolfang
_93670
245 1 0 _aWerther
260 _aSantafé de Bogotá :
_bPanAméricana,
_c1993
300 _a151 p
650 1 4 _aNOVELA ALEMANA
_92669
942 _2ddc
_cBK
999 _c17346
_d17346